Sindbad, o marinheiro (Registo nº 430)

Detalhes MARC
000 -Etiqueta do registo
Cabeçalho 00821nam0a2200265 4500
005 - Identificador da versão
Campo de controlo 20240813121803.0
095 ## -
-- PTBN00514646
010 ## - Número internacional normalizado dos livros (ISBN)
Número (ISBN) 9726951577
021 ## - Número do Depósito Legal
Código do país PT
Número 162560/01
100 ## - Dados gerais de processamento
Dados gerais de processamento 20160704d2001 d y0pory5003 ba
102 ## - Pais de publicação ou produção
País de publicação Portugal
101 1# - Língua de publicação
Língua do texto, banda sonora, etc. Português
Língua do texto intermédio quando não traduzido do original Francês
Língua do documento no original Árabe
215 ## - Descrição física 
Indicação específica da natureza do documento e extensão da espécie 95 p.
Outras indicações físicas il
200 1# - Titulo e menção de responsabilidade
Título próprio Sindbad, o marinheiro
Informação de outro título contos de «As mil e uma noites»
Primeira menção de responsabilidade versão portuguesa António José Massano
Outras menções de responsabilidade il. Gustave Doré
225 2# - Colecção 
Título próprio da colecção Sésamo
Indicação de volume 3
210 ## - Publicação, Distribuição, etc. 
Lugar da edição, distribuição, etc. Lisboa
Nome do editor, distribuidor, etc. Teorema
Data da publicação, distribuição, etc. D.L. 2001
606 ## - Nome comum usado como assunto
Número de registo de entrada de autoridade 0003075
Palavra de ordem Literaturas árabes
Subdivisão de assunto Conto
Código do sistema CA
675 ## - Classificação Decimal Universal (CDU)
Notação 821.411.21-34
Edição 3ª ed.
Língua da edição por
702 ## - Nome de autor-pessoa física (responsabilidade secundária)
Número de registo de entrada de autoridade 0000499
Palavra de ordem Massano
Outra parte do nome não tomada para palavra de ordem António José
Código de função Adaptador
Número de registo de entrada de autoridade 0000500
Palavra de ordem Doré
Outra parte do nome não tomada para palavra de ordem Gustave
Datas 1832-1883
Código de função Ilustrador / Técnico de desenho computorizado
966 ## - Identificação da Biblioteca
Sigla EB2,3ENM
942 ## - Elementos de entrada adicionados (Koha)
Tipo de item no Koha Livro
Exemplares
Situação do levantamento Origin of item (home branch) (coded) Biblioteca de empréstimo Código de barras Cota Circulation type (not for loan) Tipo de documento Nota do exemplar Damaged status
  Biblioteca Escolar Eng. Nuno Mergulhão Biblioteca Escolar Eng. Nuno Mergulhão BENM881 82LE-34 SIN   Livro Sem mensagem